An introduction to the study of prices, with special reference to the history of the nineteenth century /

Bibliographic Details
Main Author: Layton, Walter Thomas
Format: Book
Language:English
Published: London : Macmillan, 1920.
Subjects:

MARC

Tag First Indicator Second Indicator Subfields
LEADER 00000cam a2200000 4500
001 in00000069166
005 20151008051406.0
008 751212r1920 enka b 00010 engm
035 |a (OCoLC)01893773 
035 |9 AAG7596AM 
040 |a DLC  |c FNP  |d FNP  |d TXA  |d UtOrBLW 
049 |a TXAM  |c [21703] 
050 0 |a HB221  |b .L4 1920 
092 |a 338.5  |b L429i, 1920 
100 1 |a Layton, Walter Thomas. 
245 1 3 |a An introduction to the study of prices, with special reference to the history of the nineteenth century /  |c by Walter T. Layton. 
264 1 |a London :  |b Macmillan,  |c 1920. 
300 |a xiii, 194 pages :  |b diagrams (1 folded) ;  |c 19 cm. 
336 |a text  |b txt  |2 rdacontent 
337 |a unmediated  |b n  |2 rdamedia 
338 |a volume  |b nc  |2 rdacarrier 
500 |a "First edition 1912, reprinted with additional chapters and statistics, 1920." 
504 |a "Bibliographical note" at end of most of the chapters. 
650 0 |a Prices. 
999 |a MARS 
999 f f |s ec37f10a-b513-3401-aad5-5814c3577f0f  |i 90831608-db7b-3441-94ab-88cf07b3862d  |t 0 
952 f f |p ric  |a Texas A&M University  |b Rellis Campus  |c Joint Library Facility  |d Remote Storage  |t 0  |e HB221 .L4 1920  |h Library of Congress classification  |i unmediated -- volume  |m A14800767421 
998 f f |a HB221 .L4 1920  |t 0  |l Remote Storage